| 000 | 00600nam a2200193 a 4500 | ||
|---|---|---|---|
| 005 | 20231101063639.0 | ||
| 008 | 991125s1941 mx 000 0 spa u | ||
| 035 | _aUPN01000045317 | ||
| 049 | _aCG | ||
| 050 | 4 | _aPQ7249 T4.6 | |
| 100 | 1 |
_aTerrazas, Francisco de, _dm. ca. 1604 _930485 |
|
| 245 | 1 | 0 |
_aPoesías / _cFrancisco de Terrazas ; ed., pról. y notas de Antonio Castro Leal. |
| 260 |
_aMéxico : _bPorrúa, _c1941. |
||
| 300 | _a114 p. | ||
| 440 | 0 |
_aBiblioteca mexicana ; _v3 |
|
| 650 | 4 |
_aPoesía mexicana _91273 |
|
| 700 | 1 |
_aCastro Leal, Antonio, _d1896-1981 _eed. _928062 |
|
| 905 | _aLibro | ||
| 999 |
_c45317 _d45317 |
||